[Event "Orlova Open"]
[Site "Orlova CZE"]
[Date "2011.05.25"]
[Round "5.4"]
[White "Szotkowski,J"]
[Black "Ganaus,H"]
[Result "1-0"]
[WhiteElo "1906"]
[BlackElo "2296"]

1.Nf3 Nf6 2.d4 e6 3.c4 Bb4+ 4.Bd2 a5 5.g3 b6 6.Bg2 Bb7 7.O-O O-O 8.a3 Bxd2
9.Nbxd2 Na6 10.Qc2 c5 11.Rfd1 cxd4 12.Nxd4 Bxg2 13.Kxg2 Qc7 14.Rac1 Rfc8
15.Qc3 a4 16.e4 Nc5 17.Re1 Qb7 18.Qf3 d6 19.Rc3 Rd8 20.g4 e5 21.Nf5 Ne6 22.Kg3 Nf4
23.Ne3 h5 24.h3 g6 25.Nd5 N6xd5 26.cxd5 Rac8 27.gxh5 Nxh5+ 28.Kh2 Rc5 29.Rec1 Rdc8
30.Rxc5 bxc5 31.Nc4 Qa6 32.Qg4 Rd8 33.Rc3 Qb5 34.h4 Kg7 35.Qg5 f6 36.Qg4 Nf4
37.Kg3 Kf7 38.Kf3 Qb7 39.Ke3 Ke7 40.Kd2 Qa6 41.h5 Rg8 42.hxg6 Rxg6 43.Qh4 Kf7
44.Qh7+ Rg7 45.Qf5 Ke7 46.b4 axb3 47.Rxb3 Rf7 48.Kc3 Kf8 49.Rb8+ Kg7 50.Qg4+ Ng6
51.Rb1  1-0

[Event "84th ch-St Petersburg"]
[Site "St Petersburg RUS"]
[Date "2011.05.25"]
[Round "5"]
[White "Usmanov,V"]
[Black "Ionov,S"]
[Result "1-0"]
[WhiteElo "2289"]
[BlackElo "2559"]

1.d4 Nf6 2.c4 e6 3.Nf3 Bb4+ 4.Bd2 c5 5.g3 Qb6 6.a3 Bxd2+ 7.Qxd2 Nc6 8.dxc5 Qxc5
9.Qc2 b5 10.Nbd2 Bb7 11.b4 Nd4 12.Qc3 Nxf3+ 13.exf3 Qc6 14.c5 O-O 15.Bd3 d6
16.Ne4 Nxe4 17.Bxe4 d5 18.Bc2 d4 19.Qd3 f5 20.O-O-O a5 21.Rhe1 axb4 22.axb4 Qa6
23.Qxd4 Bxf3 24.Rd3 Be4 25.Rb3 Rfd8 26.Qb2 Bd5 27.Rd3 Qc6 28.Red1 Rd7 29.Bb3 Rad8
30.Bxd5 Rxd5 31.Rxd5 Rxd5 32.Rxd5 Qxd5 33.Qe2 Qc6 34.Qe5 Kf7 35.Kd2 Qd7+
36.Ke2 Qc6 37.h4 h5 38.Ke3 Qh1 39.Kd2 Qf3 40.Qc7+ Kg6 41.Qf4 Qd5+ 42.Kc3 Kf7
43.Qd4 Qf3+ 44.Kd2 Kg6 45.Qe3 Qd5+ 46.Ke1 Qc4 47.Qf4 Qc3+ 48.Kf1 Kh7 49.Kg2 Qc2
50.Qd4 Kg6 51.Qe5 Qc4 52.Qf4 Qd5+ 53.Kg1 Kf7 54.Qc7+ Kg8 55.c6 Qd1+ 56.Kh2 Qf3
57.Qb6 f4 58.c7 fxg3+ 59.fxg3 Qe2+ 60.Kg1 Qe1+ 61.Kg2 Qe4+ 62.Kf2 Qc2+ 63.Kf3 Qf5+
64.Ke3 Qe5+ 65.Kd2 Qd5+ 66.Ke2 Qe5+ 67.Kf1 Qf5+ 68.Qf2 Qb1+ 69.Kg2 Qe4+ 70.Kh2 Qc4
71.Qf4 Qc2+ 72.Kh3 Kh7 73.Qe5 g6 74.Qc5 Qe4 75.Qe7+ Kh6 76.Qf8+ Kh7 77.Qf7+ Kh6  1-0

[Event "TCh-FRA Top 12 2011"]
[Site "Mulhouse FRA"]
[Date "2011.05.26"]
[Round "1.1"]
[White "Giri,A"]
[Black "David,Alb"]
[Result "1/2-1/2"]
[WhiteElo "2687"]
[BlackElo "2593"]

1.d4 Nf6 2.c4 e6 3.Nf3 Bb4+ 4.Bd2 c5 5.Bxb4 cxb4 6.e3 O-O 7.Be2 a5 8.a3 Na6
9.Ne5 d6 10.Nd3 bxa3 11.Nxa3 Re8 12.Nb5 Nc7 13.Qb3 Nxb5 14.Qxb5 b6 15.O-O Ba6
16.Qa4 Rc8 17.Rfc1 e5 18.dxe5 dxe5 19.b3 Qe7 20.b4 Rxc4 21.Rxc4 Bxc4 22.bxa5 Bxd3
23.Bxd3 bxa5 24.Qxa5 Rc8  1/2-1/2

[Event "Chicago Open"]
[Site "Wheeling USA"]
[Date "2011.05.26"]
[Round "1"]
[White "Gareev,T"]
[Black "Gauri,S"]
[Result "1-0"]
[WhiteElo "2610"]
[BlackElo "2310"]

1.d4 Nf6 2.c4 e6 3.Nf3 Bb4+ 4.Bd2 Qe7 5.g3 Nc6 6.Nc3 Bxc3 7.Bxc3 Ne4 8.Rc1 d6
9.d5 Nxc3 10.Rxc3 Nb8 11.Bg2 O-O 12.O-O e5 13.Qc2 Bg4 14.Nh4 a5 15.a3 Na6
16.b3 Rab8 17.Rb1 Bd7 18.b4 axb4 19.axb4 c5 20.dxc6 bxc6 21.Rcb3 g6 22.Qd2 Rfd8
23.Qc3 Rb6 24.Nf3 Rdb8 25.Nd2 Bf5 26.R1b2 Nc7 27.Ra3 Na6 28.Ra4 Nc5 29.Raa2 Na6
30.Ra4 Nc5 31.Ra5 Na6 32.b5 cxb5 33.Rbxb5 Qc7 34.Qa3 Nc5 35.Ra7 Qd8 36.Bc6 Be6
37.Qf3  1-0

[Event "TCh-FRA Top 12 2011"]
[Site "Mulhouse FRA"]
[Date "2011.05.27"]
[Round "2.8"]
[White "Relange,E"]
[Black "Pira,D"]
[Result "1-0"]
[WhiteElo "2466"]
[BlackElo "2403"]

1.d4 Nf6 2.Nf3 e6 3.c4 Bb4+ 4.Bd2 a5 5.g3 d5 6.Bg2 O-O 7.O-O c6 8.Qc2 Ne4
9.Nc3 Nxd2 10.Nxd2 dxc4 11.e3 Bxc3 12.Qxc3 b5 13.a4 Ra7 14.b3 e5 15.bxc4 b4
16.Qb2 exd4 17.exd4 Re8 18.Rfe1 Rae7 19.Rxe7 Rxe7 20.Nb3 Bg4 21.Qd2 h5 22.h3 Be6
23.Rc1 Rd7 24.Qf4 g6 25.Qe5 Rd6 26.Kh2 h4 27.gxh4 Bf5 28.Qg3 c5 29.d5 Na6
30.Nxa5 Qxa5 31.Qxd6 b3  1-0

[Event "Chicago Open"]
[Site "Wheeling USA"]
[Date "2011.05.27"]
[Round "3"]
[White "Bercys,S"]
[Black "Holroyd,Kenneth J"]
[Result "1-0"]
[WhiteElo "2468"]
[BlackElo "2103"]

1.d4 Nf6 2.Nf3 e6 3.c4 Bb4+ 4.Bd2 c5 5.Bxb4 cxb4 6.g3 O-O 7.Bg2 d6 8.a3 bxa3
9.Rxa3 Nc6 10.Nc3 Re8 11.O-O e5 12.e3 a5 13.h3 h6 14.Qb3 Nb4 15.Na2 Nc6 16.Rd1 Qe7
17.Qc3 e4 18.Nd2 b6 19.d5 Ne5 20.Qd4 Qc7 21.Nc3 Nf3+ 22.Nxf3 exf3 23.Bf1 Re5
24.Nb5 Qd8 25.Qf4 g5 26.Qxf3 g4 27.Qf4 gxh3 28.Bd3 Ng4 29.Nd4 Rg5 30.Nf5 Ne5
31.Nd4 Bg4 32.f3 Bd7 33.Kf2 Qf8 34.Rc3 Qg7 35.Bf5 Bxf5 36.Nxf5 Qf6 37.Nd4 Qg6
38.e4 Rc8 39.Nf5 Kf8 40.Rh1 Rxc4 41.Rxc4 Nxc4 42.Qc1 b5 43.b3 Nb6 44.Rxh3 Rxf5
45.exf5 Qxf5 46.Qxh6+ Ke7 47.Qe3+ Kd7 48.Rh8 Qc2+ 49.Kf1 Qb1+ 50.Qe1 Qd3+
51.Kg2 Nxd5 52.Qe8+ Kc7 53.Qb8+ Kc6 54.Rc8+ Kd7 55.Rd8+  1-0

[Event "e2e4 Sunningdale Open"]
[Site "Ascot ENG"]
[Date "2011.05.28"]
[Round "2"]
[White "Ignatovic,Ernest"]
[Black "Norinkeviciute,R"]
[Result "1-0"]
[WhiteElo "1570"]
[BlackElo "2012"]

1.Nf3 Nf6 2.c4 e6 3.d4 Bb4+ 4.Bd2 c5 5.g3 b6 6.Bxb4 cxb4 7.Bg2 Bb7 8.O-O O-O
9.Nbd2 Qc7 10.Rc1 d6 11.Re1 Nbd7 12.e4 e5 13.d5 Nc5 14.Qc2 Bc8 15.Nh4 Nh5
16.Nb3 Nd7 17.Bf3 Ndf6 18.Qe2 g6 19.Qd2 a5 20.Bxh5 Nxh5 21.Qg5 f6 22.Qe3 Ng7
23.f4 Bh3 24.fxe5 fxe5 25.Nf3 Rab8 26.Ng5 Bd7 27.Kg2 Rf6 28.Nd2 Rbf8 29.Rf1 h6
30.Rxf6 Rxf6 31.Ngf3 Kh7 32.b3 Nh5 33.Rf1 Kg7 34.Ne1 Rxf1 35.Nxf1 b5 36.Nd2 Nf6
37.Nd3 bxc4 38.bxc4 Qb8 39.Qg1 Bc8 40.c5 Ba6 41.Nb2 Ne8 42.cxd6 Qxd6 43.Qa7+ Nc7
44.Nbc4 Bxc4 45.Nxc4 Qd7 46.d6  1-0

[Event "TCh-FRA Top 12 2011"]
[Site "Mulhouse FRA"]
[Date "2011.05.28"]
[Round "3.2"]
[White "Riazantsev,A"]
[Black "Bauer,Ch"]
[Result "1-0"]
[WhiteElo "2679"]
[BlackElo "2638"]

1.d4 Nf6 2.c4 e6 3.Nf3 Bb4+ 4.Bd2 c5 5.Bxb4 cxb4 6.Nbd2 d6 7.e3 O-O 8.Bd3 Qe7
9.O-O Nc6 10.Ne4 Bd7 11.Rc1 Rfd8 12.Qc2 h6 13.Rfd1 Rac8 14.Qb1 a5 15.h3 Nb8
16.Nxf6+ Qxf6 17.Bh7+ Kh8 18.Be4 Rc7 19.c5 d5 20.Bd3 Bc6 21.a3 bxa3 22.bxa3 Nd7
23.Qb2 Rb8 24.Qc3 Ra8 25.Rd2 Ba4 26.Qb2 Bc6 27.Bb5 a4 28.Rb1 Qe7 29.Bxc6 bxc6
30.Qc3 Qd8 31.Rdb2 Kg8 32.Rb4 Rca7 33.Qc2 g6 34.R1b2 Qa5 35.Rb7 Rxb7 36.Rxb7 Ra7
37.Rb4 Qa6 38.Ne1 e5 39.Nd3 exd4 40.exd4 Ra8 41.Qe2 Kf8 42.Qe3 h5 43.Ne5 Qc8
44.Qf4 Nxe5 45.Qxe5 Kg8 46.Rb6 Qd7 47.Qf6 Rc8 48.Ra6 Qb7 49.Rxa4 Re8 50.g3 Kh7
51.Kg2 Qd7 52.Ra6 Re6 53.Qf4 Qe7 54.Ra8 Re1 55.Kh2 Kg7 56.Qb8 Kf6 57.Qf4+ Kg7
58.Qb8 Kf6 59.Qd6+ Kg7 60.Rc8 Re6 61.Qxe7 Rxe7 62.Rxc6 Re4 63.a4 Rxd4 64.a5 Ra4
65.a6 Ra5 66.Kg2 Kf8 67.Rb6 d4 68.c6 Ke7 69.Rb7+  1-0

[Event "3rd Limpedea Cup"]
[Site "Baia Sprie ROU"]
[Date "2011.05.29"]
[Round "7"]
[White "Szabo,At1"]
[Black "Smith,Bry"]
[Result "0-1"]
[WhiteElo "2283"]
[BlackElo "2481"]

1.d4 Nf6 2.Nf3 e6 3.c4 Bb4+ 4.Bd2 a5 5.e3 d6 6.Bd3 Nbd7 7.O-O e5 8.Qc2 Qe7
9.a3 Bxd2 10.Nfxd2 a4 11.Nc3 Nb6 12.Rac1 Bd7 13.Nce4 Nxe4 14.Bxe4 c6 15.c5 Nc8
16.Bf5 Bxf5 17.Qxf5 exd4 18.exd4 O-O 19.Rfe1 Qd8 20.Nc4 d5 21.Ne5 Ne7 22.Qg4 Ng6
23.Nxg6 hxg6 24.Re3 Re8 25.Rce1 Rxe3 26.Rxe3 b6 27.h4 bxc5 28.dxc5 Qf6 29.h5 Qf5
30.Qxf5 gxf5 31.Re7 Ra5 32.Re5 Rxc5 33.Rxf5 Rc1+ 34.Kh2 Rc2 35.Rf4 Rxb2 36.f3 c5
37.Rxa4 c4 38.Ra8+ Kh7 39.Rc8 Rb5 40.g4 Ra5 41.Kg3 Rxa3 42.g5 c3 43.f4 d4
44.f5 d3 45.Kg4 Ra4+  0-1

[Event "3rd Orissa Open"]
[Site "Bhubaneswar IND"]
[Date "2011.05.29"]
[Round "3"]
[White "Girish,A"]
[Black "Laxman,R"]
[Result "1/2-1/2"]
[WhiteElo "2288"]
[BlackElo "2446"]

1.d4 Nf6 2.Nf3 e6 3.c4 Bb4+ 4.Bd2 Qe7 5.g3 O-O 6.Bg2 Bxd2+ 7.Qxd2 d6 8.Nc3 e5
9.O-O c6 10.e4 Bg4 11.d5 Bxf3 12.Bxf3 cxd5 13.cxd5 Nbd7 14.Rac1 Rfc8 15.Rc2 Rc7
16.Rfc1 a6 17.b4 Qd8 18.Nd1 Rxc2 19.Rxc2 Rc8 20.Ne3 Rxc2 21.Qxc2 g6 22.a3 Nb6
23.Be2 Qd7 24.Kg2 h5 25.h4 Kf8 26.Bd3 Ne8 27.Qc3 Qc7  1/2-1/2

[Event "TCh-SLO"]
[Site "Ljubljana SLO"]
[Date "2011.05.29"]
[Round "3"]
[White "Soln,P"]
[Black "Justin,M"]
[Result "1/2-1/2"]
[WhiteElo "2395"]
[BlackElo "2339"]

1.d4 Nf6 2.c4 e6 3.Nf3 Bb4+ 4.Bd2 a5 5.g3 b6 6.Bg2 Bb7 7.O-O O-O 8.Qb3 Bxd2
9.Nbxd2 Ne4 10.Nxe4 Bxe4 11.Rac1 f5 12.Nd2 Bxg2 13.Kxg2 Qf6 14.e3 Nc6 15.d5 Ne7
16.dxe6 dxe6 17.c5 Nd5 18.cxb6 cxb6 19.Rc6 Rfc8 20.Rfc1 Qd8 21.Nf3 Rxc6 22.Rxc6 Qd7
23.Ne5 Qb7 24.Kg1 Rc8 25.Qc4 Rxc6 26.Qxc6 Qxc6 27.Nxc6 Kf7 28.Kf1 Ke8 29.Ke2 Kd7
30.Nd4 g6 31.a3  1/2-1/2

[Event "29th Liechtenstein Open"]
[Site "Triesen LIE"]
[Date "2011.05.29"]
[Round "3.2"]
[White "Hort,V"]
[Black "Miezis,N"]
[Result "1/2-1/2"]
[WhiteElo "2446"]
[BlackElo "2542"]

1.d4 Nf6 2.c4 e6 3.Nf3 Bb4+ 4.Bd2 a5 5.g3 d5 6.a3 Be7 7.Bg2 O-O 8.Qc2 c5
9.cxd5 cxd4 10.Nxd4 Nxd5 11.Nc3 Bf6 12.Nxd5 exd5 13.Bc3 Nc6 14.Rd1 Re8 15.O-O Bg4
16.Nxc6 bxc6 17.Bxf6 Qxf6 18.Rd2 Bf5 19.Qc5 h5 20.Rc1 Re6 21.h4 a4 22.e3 Rb8
23.Qc3  1/2-1/2

[Event "3rd Orissa Open"]
[Site "Bhubaneswar IND"]
[Date "2011.05.30"]
[Round "4"]
[White "Prasad,De"]
[Black "Lalith,B"]
[Result "1/2-1/2"]
[WhiteElo "2357"]
[BlackElo "2491"]

1.d4 Nf6 2.c4 e6 3.Nf3 Bb4+ 4.Bd2 Qe7 5.g3 Nc6 6.Bg2 Bxd2+ 7.Nbxd2 d6 8.O-O e5
9.d5 Nb8 10.e4 a5 11.b3 Nbd7 12.a3 Nf8 13.b4 Ng6 14.Qc2 b6 15.c5 bxc5 16.bxc5 O-O
17.Rfc1 Ra7 18.Ne1 Nd7 19.Nd3 Ba6 20.Nc4 dxc5 21.Qc3 Bxc4 22.Qxc4 Qd6 23.Nxc5 Nb6
24.Qb5 Ne7 25.Rab1 g6 26.a4 h5 27.h4 Rd8 28.Bh3 Kh7 29.Qe2 Ng8 30.Rc3 Kg7
31.Qc2 Nf6 32.Bf1 Ne8 33.Bb5 Qe7 34.Bxe8 Qxe8 35.Rb5 Kg8 36.Nd3 Qe7 37.Rc6 Nc8
38.Qc5 Qxc5 39.Rbxc5 Rd7 40.Nxe5 Re7 41.Nc4 Nd6 42.f3 Nb7 43.Rb5 Kg7 44.Nd2 Nd6
45.Rbc5 f5 46.exf5 Nxf5 47.Re6  1/2-1/2

[Event "29th Liechtenstein Open"]
[Site "Triesen LIE"]
[Date "2011.05.30"]
[Round "4.10"]
[White "Benes,Pe1"]
[Black "Kelecevic,N"]
[Result "0-1"]
[WhiteElo "2087"]
[BlackElo "2279"]

1.c4 e6 2.Nf3 Nf6 3.d4 Bb4+ 4.Bd2 Qe7 5.e3 Bxd2+ 6.Nfxd2 d6 7.Nc3 O-O 8.Qc2 c5
9.d5 e5 10.Bd3 g6 11.O-O-O a6 12.h4 b5 13.h5 b4 14.Ne2 a5 15.Ng3 a4 16.hxg6 fxg6
17.Bxg6 hxg6 18.Rh6 b3 19.axb3 axb3 20.Nxb3 e4 21.Rxg6+ Kf7 22.Rh6 Ke8 23.Rdh1 Na6
24.R1h4 Nb4 25.Qe2 Nd3+ 26.Kb1 Rb8 27.Rxf6 Qxf6 28.Rxe4+ Ne5 29.Nxc5 Qxf2
30.Rxe5+ dxe5 31.Qh5+ Kd8 32.Qxe5 Qe1+ 33.Kc2 Rf2+ 34.Kd3 Qb1+  0-1

[Event "3rd Orissa Open"]
[Site "Bhubaneswar IND"]
[Date "2011.05.31"]
[Round "5"]
[White "Bitan,B"]
[Black "Prince,Ba"]
[Result "1-0"]
[WhiteElo "2343"]
[BlackElo "2198"]

1.d4 Nf6 2.c4 e6 3.Nf3 Bb4+ 4.Bd2 a5 5.g3 b6 6.Bg2 Ba6 7.Bxb4 axb4 8.Ne5 Ra7
9.a3 Bc8 10.Nd3 bxa3 11.Nxa3 O-O 12.O-O d6 13.d5 e5 14.Nb5 Rxa1 15.Qxa1 Na6
16.e4 Bb7 17.b3 Nd7 18.Qc3 Ndc5 19.Nxc5 Nxc5 20.Ra1 c6 21.Na7 Qc7 22.b4 Nd7
23.Nxc6 Bxc6 24.dxc6 Qxc6 25.Qd3 Nf6 26.Rd1 Rd8 27.f4 Qe8 28.fxe5 Qxe5 29.Qd4 Qxd4+
30.Rxd4 Kf8 31.e5 Ne8 32.c5 bxc5 33.bxc5 d5 34.Rxd5 Rxd5 35.Bxd5 Nc7 36.Bc4 Ke7
37.Kf2 f6 38.Ke3 fxe5 39.Ke4 Kf6 40.h4 g6 41.g4 h6 42.c6 Na8 43.Kd5 Nb6+
44.Kc5 Nc8 45.Ba6 Ne7 46.c7 h5 47.g5+ Kf5 48.Kd6  1-0

[Event "TCh-FRA Top 12 2011"]
[Site "Mulhouse FRA"]
[Date "2011.05.31"]
[Round "6"]
[White "Tkachiev,V"]
[Black "Nguyen Chi Minh"]
[Result "1-0"]
[WhiteElo "2626"]
[BlackElo "2381"]

1.d4 Nf6 2.c4 e6 3.Nf3 Bb4+ 4.Bd2 a5 5.Nc3 b6 6.Bg5 Bb7 7.Nd2 h6 8.Bh4 g5
9.Bg3 Nc6 10.e3 Ne7 11.Qc2 Nf5 12.a3 Bf8 13.Be5 Bg7 14.O-O-O d6 15.Bxf6 Bxf6
16.Bd3 Ne7 17.Be4 c6 18.Kb1 Kf8 19.g3 Rb8 20.f4 d5 21.cxd5 exd5 22.Bd3 c5
23.Bb5 g4 24.dxc5 bxc5 25.Nde4 Bxc3 26.Nxc3 d4 27.Rhe1 Qb6 28.exd4 cxd4 29.Qe2 Ng6
30.Na4 Qf6 31.Nc5 Kg7 32.Nxb7 Rxb7 33.a4 h5 34.Qd3 Rd8 35.Re4 Re7 36.Rxd4 Re2
37.Qxe2 Rxd4 38.Rxd4 Qxd4 39.Qe1 Qb6 40.f5 Nf8 41.Qe5+ Kg8 42.Qe7 Qg1+ 43.Ka2 Qc1
44.Qd8 Qc5 45.Qxa5 Qxf5 46.Qd2 Ne6 47.Bc4 Nc5 48.a5 Qe5 49.Qd5 Qc7 50.b4 Ne6
51.Kb3 Qa7 52.Qe5 Nd4+ 53.Kc3 Nf3 54.Qe8+ Kg7 55.Qxf7+  1-0

[Event "3rd Orissa Open"]
[Site "Bhubaneswar IND"]
[Date "2011.06.01"]
[Round "6"]
[White "Sangma,R"]
[Black "Mishra,So"]
[Result "1-0"]
[WhiteElo "2367"]
[BlackElo "2219"]

1.d4 Nf6 2.c4 e6 3.Nf3 Bb4+ 4.Bd2 Qe7 5.a3 Bxd2+ 6.Qxd2 O-O 7.Nc3 d6 8.g3 e5
9.Bg2 Nc6 10.O-O Bg4 11.dxe5 dxe5 12.Nd5 Nxd5 13.cxd5 Bxf3 14.Bxf3 Nd4 15.Qd3 Nxf3+
16.Qxf3 Rfd8 17.Qb3 Qd6 18.Qxb7 Rdb8 19.Qc6 Qxc6 20.dxc6 Rxb2 21.Rfd1 g6
22.Rab1 Rc2 23.Rb7 Rxc6 24.Rd7 a6 25.Rdxc7 Rxc7 26.Rxc7 Kg7 27.a4 Kf6 28.Rc6+ Ke7
29.a5 Ra7 30.g4 h6 31.Kg2 f6 32.Kf3 Kf7 33.h4 Kg7 34.Ke4 Rb7 35.Rxa6 Rb4+
36.Kd5 h5 37.g5 fxg5 38.hxg5 h4 39.Rb6 Rxb6 40.axb6 h3 41.b7 h2 42.b8=Q h1=Q+
43.Kd6 Qh4 44.Qc7+ Kg8 45.Qd8+ Kh7 46.Qe7+ Kg8 47.Qe6+ Kh7 48.Qf7+ Kh8 49.Qf8+ Kh7
50.Qh6+ Qxh6 51.gxh6 Kxh6 52.Kxe5 Kg5 53.f3  1-0

[Event "Nis Open 2011"]
[Site "Nis SRB"]
[Date "2011.06.01"]
[Round "8.2"]
[White "Djukic,Z SRB"]
[Black "Zlatanovic,Z"]
[Result "1-0"]
[WhiteElo "2382"]
[BlackElo "2126"]

1.d4 Nf6 2.c4 e6 3.Nf3 Bb4+ 4.Bd2 a5 5.e3 Bxd2+ 6.Qxd2 Qe7 7.Nc3 d6 8.e4 Nc6
9.e5 dxe5 10.dxe5 Nd7 11.Qe3 a4 12.O-O-O Ra5 13.Nb5 O-O 14.Bd3 a3 15.b3 f6
16.Qe1 Nb4 17.Bb1 Nc5 18.Qe3 Nd7 19.exf6 Qxf6 20.Rd2 c6 21.Nd6 Ne5 22.Ne4 Qe7
23.Nxe5 Rxe5 24.f4 Ref5 25.g3 Rh5 26.Re1 b5 27.h4 bxc4 28.bxc4 Ba6 29.Nd6 Bxc4
30.Nxc4 Rc5 31.Rd4 e5 32.Qb3 Nd5 33.Rxe5 Qa7 34.Bc2 Rb8 35.Qxa3 Ra5 36.Qd3 g6
37.Nxa5 Qxa5 38.Rdxd5  1-0

[Event "29th Liechtenstein Open"]
[Site "Triesen LIE"]
[Date "2011.06.01"]
[Round "6.1"]
[White "Farago,I"]
[Black "Miezis,N"]
[Result "1/2-1/2"]
[WhiteElo "2448"]
[BlackElo "2542"]

1.d4 Nf6 2.c4 e6 3.Nf3 Bb4+ 4.Bd2 a5 5.g3 d5 6.Qc2 O-O 7.Bg2 c5 8.cxd5 cxd4
9.Nxd4 Qb6 10.e3 exd5 11.O-O Nc6 12.Nxc6 bxc6 13.Rc1 Bd7 14.a3 Be7 15.Nc3 Rfb8
16.Na4 Qd8 17.Bc3 Rb5 18.Bd4 Rab8 19.Bf1 R5b7 20.Be5 Ra8 21.Bg2 Qe8 22.Bd4 Rab8
23.Nc5 Bxc5 24.Qxc5 Rb5 25.Qd6 Ne4 26.Qe5 Qxe5 27.Bxe5 Re8 28.Bd4 a4 29.Bxe4 Rxe4
30.f3  1/2-1/2

[Event "TCh-FRA Top 12 2011"]
[Site "Mulhouse FRA"]
[Date "2011.06.02"]
[Round "8"]
[White "Nezar,M"]
[Black "Song,Ju"]
[Result "1/2-1/2"]
[WhiteElo "2405"]
[BlackElo "2325"]

1.d4 Nf6 2.c4 e6 3.Nf3 Bb4+ 4.Bd2 Qe7 5.g3 Nc6 6.Nc3 d5 7.cxd5 exd5 8.Bg2 O-O
9.O-O Rd8 10.a3 Bxc3 11.Bxc3 Ne4 12.Rc1 Bg4 13.h3 Bxf3 14.Bxf3 Qe6 15.Bg2 Qf5
16.e3 Rd7 17.Qf3 Qe6 18.Kh2 f5 19.Qd1 Ne7 20.Bb4 Ng6 21.Qd3 c6 22.f3 Nf6
23.h4 Nh8 24.Bh3 g6 25.a4 Nf7 26.a5 a6 27.Rce1 Re8 28.Qc2 Nd6 29.b3 Rde7
30.Qc5 Rd7 31.Qc2 Rde7 32.Qc5 Rd7 33.Qc2  1/2-1/2

[Event "Mayor's Cup of Good Wine"]
[Site "Hustopece CZE"]
[Date "2011.06.04"]
[Round "7"]
[White "Laznicka,V"]
[Black "Michalik,P"]
[Result "0-1"]
[WhiteElo "2681"]
[BlackElo "2507"]

1.d4 Nf6 2.c4 e6 3.Nf3 Bb4+ 4.Bd2 c5 5.g3 Nc6 6.Bxb4 cxb4 7.a3 O-O 8.Bg2 bxa3
9.Rxa3 d6 10.Nc3 e5 11.O-O Bg4 12.d5 Bxf3 13.Bxf3 Nb4 14.e4 a5 15.Qd2 Nd7
16.Be2 Nc5 17.f4 Nd7 18.f5 Na6 19.Kh1 Nac5 20.g4 h6 21.Rg1 Qg5 22.Qe1 a4
23.h4 Qe3 24.Qg3 Qxg3 25.Rxg3 g5 26.Kg2 Nb6 27.Kf3 Nb3 28.Ke3 Nd4 29.Bd3 Rfc8
30.Rh3 gxh4 31.Rxh4 Kg7 32.Ra2 Nxc4+ 33.Bxc4 Rxc4 34.Kd3 Rb4 35.Rh2 Nb3 36.Kc2 Nc5
37.Ra1 Nxe4 38.Nxe4 Rxe4 39.Rah1 Rc8+ 40.Kd3 Rd4+ 41.Ke3 Rh8 42.g5 h5 43.Rxh5 Rxh5
44.Rxh5 Rf4 45.Rh6 Rxf5 46.Rxd6 Rxg5 47.Ke4 b5 48.Rb6 b4 49.d6 Kf6 50.Kd5 Rg4
51.Rb8 Rd4+ 52.Kc6 a3 53.bxa3 bxa3 54.Ra8 a2 55.d7 a1=Q 56.Rxa1 Ke7 57.Re1 Rd6+
58.Kc5 f6 59.Rh1 Rxd7  0-1

[Event "TCh-BIH 2011"]
[Site "Neum BIH"]
[Date "2011.06.05"]
[Round "2.3"]
[White "Terzic,S"]
[Black "Pantic,B"]
[Result "1-0"]
[WhiteElo "2237"]
[BlackElo "2088"]

1.d4 Nf6 2.Nf3 e6 3.c4 Bb4+ 4.Bd2 Bxd2+ 5.Qxd2 c5 6.Nc3 cxd4 7.Nxd4 O-O 8.g3 d5
9.cxd5 Nxd5 10.Bg2 b6 11.Nf5 Nc6 12.Nxd5 exd5 13.Ne3 Ne7 14.Nxd5 Bb7 15.Nf6+ gxf6
16.Qxd8 Raxd8 17.Bxb7 Rd7 18.Be4 Rfd8 19.Rb1 Rd4 20.f3 f5 21.Bd3 Kg7 22.Kf2 Kf6
23.Rhc1 R8d6 24.Rc4 Nc6 25.Rxd4 Rxd4 26.a3 a5 27.f4 Rd6 28.Rc1 Nd4 29.b4 axb4
30.axb4 h6 31.Rc7 Ne6 32.Rc4 Nd4 33.Ke3 Nb3 34.h3 Re6+ 35.Kf2 Rd6 36.g4 fxg4
37.hxg4 Nd4 38.e4 Kg7 39.e5 Rd7 40.Ke3 Nb5 41.Rc6 Nc7 42.Be4 b5 43.Rc5 Kf8
44.f5 Ke7 45.Bb7 Kd8 46.Bf3 Ke7 47.Bc6 Rd1 48.Bf3 Rd7 49.Ke4 Kd8 50.Be2 Rd2
51.Bxb5 Rb2 52.Bc4 Rxb4 53.Kf3  1-0

[Event "TCh-BIH 2011"]
[Site "Neum BIH"]
[Date "2011.06.07"]
[Round "4.1"]
[White "Tesic,D"]
[Black "Savic,Miod1"]
[Result "0-1"]
[WhiteElo "2390"]
[BlackElo "2512"]

1.d4 Nf6 2.Nf3 e6 3.c4 Bb4+ 4.Bd2 a5 5.g3 b6 6.Bg2 Bb7 7.O-O O-O 8.Bg5 Be7
9.Nc3 Ne4 10.Bxe7 Qxe7 11.Nxe4 Bxe4 12.Ne1 Bxg2 13.Nxg2 Nc6 14.Rc1 a4 15.d5 Ne5
16.Nf4 Ra5 17.Qd4 Qf6 18.Rfd1 d6 19.Kg2 Re8 20.dxe6 fxe6 21.Nd3 Rf8 22.Nxe5 Rxe5
23.Rd2 c5 24.Qf4 Rf5 25.Qe3 Rxf2+ 26.Kh3 Qg6 27.g4 R8f4  0-1

[Event "20th ICSC TCh-EUR Club"]
[Site "Liverpool ENG"]
[Date "2011.06.10"]
[Round "3"]
[White "Orsag,Mil1"]
[Black "Salov,S"]
[Result "1-0"]
[WhiteElo "2409"]
[BlackElo "2258"]

1.d4 Nf6 2.c4 e6 3.Nf3 Bb4+ 4.Bd2 Qe7 5.g3 Nc6 6.Bg2 O-O 7.O-O Bxd2 8.Qxd2 d6
9.Nc3 e5 10.d5 Nb8 11.e4 a5 12.Qc2 Na6 13.Nd2 Ng4 14.Rae1 f5 15.exf5 Bxf5
16.Nde4 Nc5 17.Qe2 Nxe4 18.Nxe4 b6 19.h3 Nh6 20.Nc3 Qd7 21.g4 Bg6 22.f4 Rxf4
23.Rxf4 exf4 24.Qe6+ Qf7 25.Nb5 Re8 26.Qxe8+ Qxe8 27.Rxe8+ Bxe8 28.Nxc7 Bd7
29.Bf1 Nf7 30.Na8 Ne5 31.Nxb6 g5 32.Kf2 Kf7 33.b3 Ke7 34.a3 Kd8 35.b4 axb4
36.axb4 Kc7 37.c5 Be8 38.Ba6 h5 39.gxh5 Bxh5 40.Bf1 g4 41.hxg4 Nxg4+ 42.Kg1 Ne3
43.Bb5 Bf7 44.Nc4 Nxd5 45.cxd6+ Kd8 46.Ne5 Be6 47.Bc4 f3 48.Kf2 Nf4 49.Bxe6 Nxe6
50.Kxf3 Nd4+ 51.Ke4 Nc2 52.b5 Na3 53.b6 Nb5 54.Kd5  1-0

[Event "FSFMA June"]
[Site "Budapest HUN"]
[Date "2011.06.11"]
[Round "8"]
[White "Ritter,G"]
[Black "Havaskori,L"]
[Result "1-0"]
[WhiteElo "2083"]
[BlackElo "2084"]

1.d4 Nf6 2.c4 e6 3.Nf3 Bb4+ 4.Bd2 Qe7 5.g3 Ne4 6.Bg2 f5 7.O-O Nxd2 8.Nbxd2 O-O
9.Nb3 Qf6 10.c5 Nc6 11.a3 Ba5 12.Ne5 Nxe5 13.dxe5 Qxe5 14.Nxa5 Qxc5 15.b4 Qb5
16.Qd3 Qxd3 17.exd3 c6 18.Rfe1 f4 19.gxf4 Rxf4 20.Re4 Rf6 21.Re3 b6 22.Nc4 d5
23.Ne5 Bb7 24.Rc1 a5 25.Rf3 axb4 26.axb4 c5 27.bxc5 bxc5 28.Rxf6 gxf6 29.Nd7 c4
30.dxc4 Rc8 31.Nxf6+ Kf7 32.Ng4 Ba6 33.c5 Bc4 34.c6 h5 35.Ne5+ Kf6 36.f4 Kf5
37.Nxc4  1-0

[Event "35th Open"]
[Site "Fourmies FRA"]
[Date "2011.06.12"]
[Round "3.3"]
[White "Houriez,C"]
[Black "David,Alb"]
[Result "0-1"]
[WhiteElo "2318"]
[BlackElo "2593"]

1.d4 Nf6 2.c4 e6 3.Nf3 Bb4+ 4.Bd2 c5 5.Bxb4 cxb4 6.e3 O-O 7.Be2 d6 8.a3 bxa3
9.Rxa3 b6 10.Nc3 Bb7 11.b4 Nc6 12.Qb1 a5 13.bxa5 Nxa5 14.O-O Ba6 15.Nb5 Qd7
16.Rc1 h6 17.g3 Rfc8 18.Rac3 Bb7 19.Nd2 e5 20.dxe5 dxe5 21.Rd3 Qc6 22.Bf3 Qc5
23.Bxb7 Nxb7 24.Nc3 Qc6 25.Nd5 Nxd5 26.Rxd5 Rd8 27.Qe4 Qc7 28.Nf3 Rac8 29.Qd3 Ra8  0-1

[Event "49th National Challengers ch-IND"]
[Site "Aurangabad IND"]
[Date "2011.06.18"]
[Round "4"]
[White "Ramnathan,B"]
[Black "Suvrajit,S"]
[Result "1/2-1/2"]
[WhiteElo "2269"]
[BlackElo "2370"]

1.d4 Nf6 2.c4 e6 3.Nf3 Bb4+ 4.Bd2 Qe7 5.Qc2 Bxd2+ 6.Nbxd2 d6 7.g3 O-O 8.Bg2 e5
9.e4 Nc6 10.d5 Nb8 11.O-O a5 12.Ne1 Na6 13.Nd3 b6 14.a3 Nc5 15.b4 Nxd3 16.Qxd3 Bd7
17.Rfc1 axb4 18.axb4 Rxa1 19.Rxa1 Ne8 20.Qe3 f5 21.exf5 Bxf5  1/2-1/2

[Event "Teplice Open"]
[Site "Teplice CZE"]
[Date "2011.06.18"]
[Round "8"]
[White "Grabarczyk,M"]
[Black "Jasny,S"]
[Result "1-0"]
[WhiteElo "2445"]
[BlackElo "2367"]

1.d4 Nf6 2.c4 e6 3.Nf3 Bb4+ 4.Bd2 c5 5.Bxb4 cxb4 6.Nbd2 O-O 7.e3 d6 8.Bd3 Nc6
9.O-O e5 10.Qc2 Bg4 11.dxe5 dxe5 12.Ng5 h6 13.Nge4 Nxe4 14.Bxe4 Rc8 15.b3 Qe7
16.h3 Be6 17.Nf3 Qc5 18.Rad1 Rfd8 19.Rxd8+ Rxd8 20.Rd1 Rxd1+ 21.Qxd1 a5 22.Qd2 f6
23.Nh4 Kf7 24.Nf5 Bxf5 25.Bxf5 Ne7 26.Be4 b5 27.cxb5 Qxb5 28.Bd3 Qc5 29.Bc4+ Ke8
30.Qd3 f5 31.Bb5+ Kf7 32.Qd7 g6 33.Bc4+ Kg7 34.Qe6 Qc7 35.Qf7+ Kh8 36.g4 Qd6
37.Qf8+ Kh7 38.Bg8+ Kh8 39.Be6+ Kh7 40.gxf5 gxf5 41.Qf7+ Kh8 42.Qf6+ Kh7
43.Bg8+  1-0

[Event "Baltija Cup Open A"]
[Site "Palanga LTU"]
[Date "2011.06.22"]
[Round "6.27"]
[White "Miknevicius,Laurynas"]
[Black "Dainauskas,J"]
[Result "1/2-1/2"]
[WhiteElo "1797"]
[BlackElo "1952"]

1.d4 Nf6 2.c4 e6 3.Nf3 Bb4+ 4.Bd2 Qe7 5.e3 O-O 6.Bd3 Bxd2+ 7.Qxd2 d6 8.O-O e5
9.e4 Bg4 10.dxe5 dxe5 11.Ne1 Nc6 12.Nc2 Rad8 13.Nc3 Qc5 14.Nd5 Qd6 15.Qg5 Bc8
16.c5 Qe6 17.Nce3 Nxd5 18.exd5 Qe7 19.Bxh7+ Kxh7 20.Qh5+ Kg8 21.dxc6 bxc6
22.Rac1 Rd2 23.Nc4 Rd5 24.Rfe1 e4 25.Qe2 f5 26.b4 Ba6 27.Qc2 Qg5 28.Rcd1 Rfd8
29.Ne3 Rd3 30.Rxd3 Bxd3 31.Qb3+ Kh8 32.Qe6 f4 33.Qh3+ Kg8 34.Qe6+ Kh7 35.Qg4 Qxg4
36.Nxg4 Rd4 37.a3 a5 38.Ne5 Bb5 39.bxa5 Rd5 40.Ng4 Rxc5 41.h3 Bd3 42.a6 Ra5
43.Rc1 Rxa6 44.Rc3 Bb5 45.Ne5 Kh6 46.Nd7 Kg6 47.Nc5 Ra8 48.Nxe4  1/2-1/2

[Event "64th ch-RUS HL"]
[Site "Taganrog RUS"]
[Date "2011.06.22"]
[Round "7"]
[White "Landa,K"]
[Black "Kosintseva,T"]
[Result "1-0"]
[WhiteElo "2613"]
[BlackElo "2559"]

1.d4 Nf6 2.Nf3 e6 3.c4 Bb4+ 4.Bd2 c5 5.Bxb4 cxb4 6.Nbd2 O-O 7.e3 d6 8.Bd3 b6
9.O-O Bb7 10.Qc2 Nbd7 11.Qb3 a5 12.a3 bxa3 13.bxa3 e5 14.Bf5 g6 15.Bh3 e4
16.Ng5 h6 17.Bxd7 hxg5 18.Ba4 Rb8 19.Rfb1 Bc8 20.Bc6 Bf5 21.Qc2 Qc7 22.d5 Ng4
23.Rb5 Ne5 24.Rab1 Nxc6 25.dxc6 Qxc6 26.Qb2 Rfc8 27.Qd4 g4 28.g3 Rd8 29.Qf6 Qc8
30.Rd5 Be6 31.Rd4 d5 32.Qe5 dxc4 33.Nxe4 Rxd4 34.exd4 c3 35.d5 c2 36.Rc1 Bf5
37.Nf6+ Kf8 38.d6 Rb7 39.Nxg4 f6 40.Qxf6+ Kg8 41.Nh6+ Kh7 42.Nxf5 gxf5 43.Qb2 Qe6
44.Qxc2 Rd7 45.Rd1 Kg6 46.Qc6 Qe2 47.Rb1  1-0